000 00397nam a22001697a 4500
005 20260401153133.0
008 160616b xxu||||| |||| 00| 0 eng d
020 _a81-7929-054-9
041 _aeng
082 _b658.4
100 _aBirkin, Malcom
_92095
245 _aHow to build an integrated Company
260 _bInfinity Book
_c2003
300 _a211
650 _aManagement
942 _cBK
999 _c2934
_d2933